Record olympique, sur quelle discipline? - Statistiques

Statistiques générales
  • Ce quiz a été pris 94 fois
  • Le résultat moyen est 10 sur 15
Statistiques - réponses
Hint Réponse % Correct
10,61 secondes 100M F
96%
7291 points Heptatlon F
89%
1h 25 minutes 16 secondes 20KM marche F
82%
8 minutes et 3,28 secondes 3000M steeple H
81%
7,40 mètres Saut en longueur F
76%
2h 6 minutes 26 secondes Marathon H
73%
43,03 secondes 400M H
70%
23,30 mètres Lancer de poids H
68%
18,09 mètres Triple saut H
68%
50,37 secondes 400M haies F
63%
71,53 mètres Lancer de javelot F
53%
2 minutes et 55,39 secondes 4x400M H
51%
40,82 secondes 4x100M F
41%
84,80 mètres Lancer du marteau H
33%
72,30 mètres Lancer de disque F
25%
Aucun quiz correspondant
Distribution des résultats
% des personnes avec chaque résultat
Percentile par nombre de réponses
Votre historique - résultats
Vous n’avez pas pris ce quiz